| 000 | 00343 a2200133 4500 | ||
|---|---|---|---|
| 082 | _a297.09 | ||
| 090 |
_c4054 _d4054 |
||
| 100 | _aIbn-e-Khaldoon | ||
| 245 |
_aTareekh Ibn-e-Khaldoon (Vol 11) _cIbn-e-Khaldoon |
||
| 260 |
_aKarach: _bNafees Academy, _c1990. |
||
| 300 |
_a584 p. ; _c 24 cm. |
||
| 650 | _aIslam--History. | ||
| 942 |
_cBK _k297.09 IBN |
||
| 999 |
_c7950 _d7950 |
||